000
00320 a2200157 4500
001
160083
020
_a
040
_c
Magnum
100
_a
Sampaio, Augusto Amaral
240
1
0
_a
Um gato era uma vez
_l
por
245
1
0
_a
Um gato era uma vez
362
0
_a
1899
440
1
_a
FTD
697
_a
I/ANIMAIS
942
_c
BK
999
_c
160083
_d
160083